000 00706nam a2200289Ia 4500
005 20260324141552.0
008 008 260324s9999 xx 000 0 eng d
020 _a9780429463464
037 _aEBOOK
040 _aCRL
040 _beng
040 _cCRL
041 _2eng
041 _aeng
084 _qCRL
100 _aAnthony DiFilippo
_91170429
245 0 _aCracks in the Alliance
245 0 _bScience, Technology and the Evolution of U.S.-Japan Relations
260 _bTaylor and Francis
260 _c1997
365 _a
365 _b205
856 _uhttp://www.taylorfrancis.com/books/9780429463464
942 _cEBOOK
999 _c1811920
_d1811920